Segunda Asamblea de Diputaciones Provinciales Españolas
Descripción Física:
375 p. ; 29 cm
Materias:
Diputacions províncials -- Congressos
MARC
| LEADER | 00000nam a2200000Ia 4500 | ||
|---|---|---|---|
| 001 | 2300 | ||
| 003 | BGR | ||
| 005 | 20260324175252.0 | ||
| 008 | 160829s1927 xx 000 0 cat d | ||
| 080 | |a M-1-201 | ||
| 111 | |a Asamblea de Diputaciones Provinciales Españolas |c (Barcelona : |d 1927) |9 70426 | ||
| 245 | |a Segunda Asamblea de Diputaciones Provinciales Españolas | ||
| 260 | |a Barcelona : |b Diputación Provincial de Barcelona, |c 1927 | ||
| 300 | |a 375 p. ; |c 29 cm | ||
| 650 | |a Diputacions províncials |x Congressos |9 29718 | ||
| 901 | |a Arxiu | ||
| 942 | |n 1 |2 udc |c MON | ||
| 952 | |0 0 |1 0 |4 0 |6 M1201 |7 1 |9 42979 |a Arxiu |b Arxiu |d 2016-12-01 |l 0 |o M-1-201 |p 2300 |r 2016-12-01 00:00:00 |w 2016-12-01 |y ARXIU | ||
| 999 | |c 45522 |d 45522 | ||